Statistiques concernant Orthographe - Le féminin des adjectifs #3

Cliquez ici pour prendre le quiz!

Statistiques générales

  • Ce quiz a été pris 180 fois
  • Le résultat moyen est 20 sur 20

Statistiques - réponses

MasculinFéminin% Correct
basbasse
100%
secsèche
100%
bleubleue
99%
civilcivile
99%
cruelcruelle
99%
foufolle
99%
moqueurmoqueuse
99%
neigeuxneigeuse
99%
nouveaunouvelle
99%
pareilpareille
99%
sotsotte
99%
sportifsportive
99%
publicpublique
98%
sévèresévère
98%
utileutile
98%
bigotbigote
97%
indicateurindicatrice
97%
caduccaduque
94%
désuetdésuète
94%
malinmaligne
93%

Distribution des résultats

Percentile par nombre de réponses

% des personnes avec chaque résultat

Votre développement - résultats

Vous n’avez pas pris ce quiz